| 000 | 01769cam a2200373 a 4500 | ||
|---|---|---|---|
| 999 |
_c19273 _d19273 |
||
| 001 | 14396026 | ||
| 003 | OSt | ||
| 005 | 20170116082609.0 | ||
| 008 | 060531s2006 paua b s001 0deng | ||
| 010 | _a 2006018106 | ||
| 020 | _a0271029013 (clothbound : alk. paper) | ||
| 020 | _a9780271029016 (clothbound : alk. paper) | ||
| 020 | _a9870271029014 | ||
| 035 | _a(OCoLC)ocm69992378 | ||
| 035 | _a(OCoLC)69992378 | ||
| 040 |
_aDLC _cDLC _dBTCTA _dC#P _dBAKER _dYDXCP _dOCLCQ _dDLC |
||
| 043 | _ae-it--- | ||
| 050 | 0 | 0 | _aN6923.B5B48 2006 |
| 245 | 0 | 0 |
_aBernini's biographies : _bcritical essays / _cedited by Maarten Delbeke, Evonne Levy, and Steven F. Ostrow. |
| 260 |
_aUniversity Park, Pa. : _bPennsylvania State University Press, _cc2006. |
||
| 300 |
_axviii, 419 p. : _bill. ; _c24 cm. |
||
| 504 | _aIncludes bibliographical references (p. [377]-401) and index. | ||
| 600 | 1 | 0 |
_aBernini, Gian Lorenzo, _d1598-1680. |
| 600 | 1 | 0 |
_aBaldinucci, Filippo, _d1625-1696. _tVita del cavaliere Gio. Lorenzo Bernino. |
| 600 | 1 | 0 |
_aBernini, Domenico, _d1657-1723. _tVita del cavalier Gio. Lorenzo Bernino. |
| 650 | 0 |
_aArtists _zItaly _xBiography _xHistory and criticism. |
|
| 700 | 1 | _aDelbeke, Maarten. | |
| 700 | 1 |
_aLevy, Evonne Anita, _d1961- |
|
| 700 | 1 | _aOstrow, Steven F. | |
| 856 | 4 | 1 |
_3Table of contents only _uhttp://www.loc.gov/catdir/toc/ecip0614/2006018106.html |
| 942 |
_2lcc _cBOOKS _hBD311 .B76 1990 |
||